| 000 | 00549cam a2200181 4500 | ||
|---|---|---|---|
| 001 | D11862 | ||
| 008 | 090401t1984 xxu||||| |||| 00| 0 eng d | ||
| 035 | _a(Sirsi) u99974 | ||
| 041 | _aeng | ||
| 050 | _a526.902464 | ||
| 100 | _aWright, J.W. | ||
| 245 | 4 | _aThe positioning and monitoring of major structures | |
| 260 | _c1984 | ||
| 350 | _a0 | ||
| 520 | _aIn: RICS Quantity Surveyors` Division. North Sea giants. One-day conference (at) RICS Westminster Centre, 21 June 1984. (Paper 5). RICS 1984/19 ABC | ||
| 942 | _n0 | ||
| 948 | _c04/03/1997 | ||
| 999 |
_c99539 _d99539 |
||